Datum a čas kvízu
15
Celkem bodů
Celkový počet nahraných bodů na tomto kvízu bez doplňovacích otázek.
8.
Pořadí na kvízu
Konečné umístění týmu na tomto kvízu.
Zaznamenané odpovědi
| # | Otázka | Odpověď | Body | Výsledky |
|---|---|---|---|---|
| 1. | Proti návrhu poslance ANO přej... | 0 | ||
| 2. | V severoitalské Pavii byl v mi... | 0 | ||
| 3. | Která naše televizní stanice o... | 0 | ||
| 4. | Švýcarská společnost Nestlé pr... | 0 | ||
| 5. | Slávističtí fotbalisté v 3. př... | 0 | ||
| 5. | Halí, belí, koně v zelí a ___... | 1 | ||
| 7. | Rodičovský příspěvek navazuje... | 0 | ||
| 8. | Jak se jmenuje značka kojeneck... | 0 | ||
| 5. | Mezi první zdravotní úkony, kt... | 0 | ||
| 10. | Na závěr si dovolíme jeden osl... | 0 |